[Event "Magistral Barcelona Casino"]
[Site "Barcelona ESP"]
[Date "2006.10.19"]
[Round "1"]
[White "Peralta,Fe"]
[Black "Lopez Martinez,J"]
[Result "1/2-1/2"]
[WhiteElo "2574"]
[BlackElo "2508"]
[EventDate "2006.10.09"]

1. d4 Nf6 2. c4 e6 3. Nc3 Bb4 4. e3 O-O 5. Bd3 c5 6. Nf3 d5 7. O-O dxc4 8.
Bxc4 Bd7 9. a3 Ba5 10. Qc2 cxd4 11. exd4 Bc6 12. Be2 Bxf3 13. Bxf3 Nc6 14.
Bxc6 bxc6 15. Qa4 Bb6 16. Be3 Qd6 17. h3 Rab8 18. b4 e5 19. dxe5 Qxe5 20.
Bxb6 axb6 21. Rac1 b5 22. Qc2 Ra8 23. Rfe1 Qb8 24. Ne4 Nxe4 25. Qxe4 Rxa3
26. Qxc6 Rb3 27. Re4 g6 28. Rce1 Rd3 29. Re8 Rd8 30. R8e7 Qf4 31. R7e4 Qb8
32. Re7 Qf4 33. Qe4 Rd4 34. Qxf4 Rxf4 35. R1e4 Rf6 36. Re8 Rf5 37. R8e5
Rxe5 38. Rxe5 Rb8 39. f4 h5 40. Kf2 Kg7 41. g4 Rc8 42. Rxb5 Rc3 43. gxh5
Rxh3 44. hxg6 fxg6 45. Rd5 Rb3 46. b5 Kf6 47. Ke2 Ke6 48. Rc5 Ke7 49. Re5+
Kf7 50. Rc5 Ke7 51. Re5+ Kd7 52. Kf2 Kd6 53. Ke2 Kd7 54. b6 Rxb6 1/2-1/2

[Event "Magistral Barcelona Casino"]
[Site "Barcelona ESP"]
[Date "2006.10.19"]
[Round "1"]
[White "Narciso Dublan,M"]
[Black "Lacasa Diaz,J"]
[Result "1/2-1/2"]
[WhiteElo "2511"]
[BlackElo "2410"]
[EventDate "2006.10.09"]

1. e4 c5 2. Nf3 e6 3. Nc3 d6 4. Bb5+ Bd7 5. Bxd7+ Qxd7 6. O-O Nc6 7. d3 Nf6
8. Ne2 Be7 9. Ng3 Qc7 10. Re1 d5 11. c3 dxe4 12. dxe4 O-O 13. e5 Nd7 14.
Qe2 b5 15. Bf4 c4 16. Ne4 Nc5 17. Nxc5 Bxc5 18. Ng5 Ne7 19. a4 Ng6 20. Bg3
Be7 21. Nf3 Rab8 22. h4 Rfd8 23. h5 Nf8 24. axb5 Rxb5 25. Nd4 Rb6 26. Ra4
Qb7 27. Rb1 Bc5 28. Nf3 Rb3 29. Rxc4 Ba3 30. Bh4 Rb8 31. Nd4 Rxb2 32. Rxb2
Qxb2 33. Qg4 Qb7 34. Bf6 g6 35. Kh2 Nd7 36. hxg6 hxg6 37. Nxe6 Nxf6 38.
exf6 Qd7 39. Ng5 Qxg4 40. Rxg4 Bd6+ 41. Kh3 Be5 42. Ra4 Bxf6 43. Ne4 Bg7
44. Rxa7 f5 45. Ng5 1/2-1/2

[Event "Magistral Barcelona Casino"]
[Site "Barcelona ESP"]
[Date "2006.10.20"]
[Round "2"]
[White "Lacasa Diaz,J"]
[Black "Peralta,Fe"]
[Result "0-1"]
[WhiteElo "2410"]
[BlackElo "2574"]
[EventDate "2006.10.09"]

1. e4 c6 2. c4 d5 3. exd5 cxd5 4. cxd5 Nf6 5. Nc3 Nxd5 6. Nf3 e6 7. Bc4
Nxc3 8. bxc3 Qc7 9. Qe2 Nd7 10. O-O Bd6 11. d4 O-O 12. Bd3 b6 13. c4 Bb7
14. Bb2 Rae8 15. Rfe1 Bxf3 16. Qxf3 Bxh2+ 17. Kh1 Bd6 18. Qh3 g6 19. Rac1
e5 20. c5 bxc5 21. Bb5 Rb8 22. Qxd7 Qxd7 23. Bxd7 Rxb2 24. dxe5 Be7 25. Kg1
Rxa2 26. e6 f5 27. Ra1 Rxa1 28. Rxa1 Ra8 29. Ra6 Kg7 30. Kf1 Kf6 31. Ke2 g5
32. g3 h5 33. f4 g4 34. Bc6 Rc8 35. Bd5 Rd8 36. Ba2 Rd4 37. Rxa7 h4 38.
gxh4 Re4+ 39. Kd3 Rxf4 40. Ra8 Rf3+ 0-1

[Event "Magistral Barcelona Casino"]
[Site "Barcelona ESP"]
[Date "2006.10.23"]
[Round "5"]
[White "Korneev,O"]
[Black "Lopez Martinez,J"]
[Result "1-0"]
[WhiteElo "2657"]
[BlackElo "2508"]
[EventDate "2006.10.09"]

1. e4 e5 2. Nf3 Nc6 3. Bb5 a6 4. Ba4 Nf6 5. O-O b5 6. Bb3 Bc5 7. a4 Rb8 8.
c3 O-O 9. d4 Bb6 10. axb5 axb5 11. dxe5 Ng4 12. Bg5 Qe8 13. Nd4 Ngxe5 14.
Kh1 d6 15. Na3 b4 16. Nac2 bxc3 17. bxc3 h6 18. Bc1 Na5 19. Ba4 Qd8 20. f4
Ng4 21. Qe1 c5 22. Nc6 Nxc6 23. Bxc6 Qc7 24. Bb5 Bb7 25. Qh4 Nf6 26. f5 Qe7
27. Bxh6 Qxe4 28. Qg5 Qxg2+ 29. Qxg2 Bxg2+ 30. Kxg2 gxh6 31. c4 d5 32. Kf3
Rfd8 33. Rfd1 Kf8 34. Ra6 dxc4 1-0

[Event "Magistral Barcelona Casino"]
[Site "Barcelona ESP"]
[Date "2006.10.24"]
[Round "6"]
[White "Lacasa Diaz,J"]
[Black "Korneev,O"]
[Result "0-1"]
[WhiteElo "2410"]
[BlackElo "2657"]
[EventDate "2006.10.09"]

1. e4 e6 2. d4 d5 3. Nc3 Nf6 4. Bg5 dxe4 5. Nxe4 Be7 6. Bxf6 gxf6 7. Nf3 f5
8. Nc3 a6 9. g3 b5 10. Bg2 Bb7 11. O-O O-O 12. Qd2 c5 13. Rad1 cxd4 14. Ne2
Bf6 15. Nexd4 Nc6 16. Qh6 Bg7 17. Qh5 Nxd4 18. Rxd4 Bxd4 19. Ng5 Kg7 20.
Qxh7+ Kf6 21. Bxb7 Ra7 22. Qh6+ Ke7 23. Re1 Qb6 24. Nh7 Rg8 25. Qh4+ f6 26.
Rd1 Rd8 27. Bf3 Bxf2+ 28. Kg2 Rxd1 29. Qxf6+ Kd6 30. Qf8+ Kc7 31. Bxd1 Qd6
32. Kxf2 Qxd1 33. Qc5+ Kb8 34. Qf8+ Kc7 35. Qc5+ Kb8 36. Qf8+ Kb7 37. Qe7+
Kb6 38. Qxe6+ Ka5 39. b4+ Kxb4 40. Qb3+ Kc5 41. Qc3+ Kd5 42. Qb3+ Kd6 43.
Qb4+ Kd7 44. Qc5 Rc7 45. Qxf5+ Kc6 46. Nf6 Qd2+ 47. Kf3 Kb7 48. Qe4+ Ka7
49. Nd5 Qd1+ 50. Ke3 Qe1+ 51. Kf3 Qh1+ 52. Ke3 Qe1+ 53. Kf3 Qh1+ 54. Ke3
Qxe4+ 55. Kxe4 Rxc2 56. h4 Rxa2 57. h5 b4 58. h6 b3 59. g4 b2 60. Nc3 Ra3
61. Nb1 Ra1 62. Nc3 Rc1 0-1

[Event "Magistral Barcelona Casino"]
[Site "Barcelona ESP"]
[Date "2006.10.25"]
[Round "7"]
[White "Lopez Martinez,J"]
[Black "Lacasa Diaz,J"]
[Result "1-0"]
[WhiteElo "2508"]
[BlackElo "2410"]
[EventDate "2006.10.09"]

1. e4 c5 2. Nf3 e6 3. d4 cxd4 4. Nxd4 Nf6 5. Nc3 d6 6. Be3 Nc6 7. f4 Be7 8.
Qf3 e5 9. Nxc6 bxc6 10. f5 O-O 11. O-O-O Qa5 12. Bc4 Rb8 13. Bb3 Rxb3 14.
cxb3 d5 15. Bd2 dxe4 16. Nxe4 Qxa2 17. Bg5 Ba3 18. bxa3 Qxa3+ 19. Kd2 Qb4+
20. Nc3 e4 21. Qh3 e3+ 22. Kc2 Ne4 23. Qxe3 Nc5 24. Be7 Bxf5+ 25. Kd2 Ne4+
26. Qxe4 Rd8+ 27. Ke2 Bg4+ 28. Kf2 1-0

[Event "Magistral Barcelona Casino"]
[Site "Barcelona ESP"]
[Date "2006.10.27"]
[Round "9"]
[White "Lopez Martinez,J"]
[Black "Narciso Dublan,M"]
[Result "1/2-1/2"]
[WhiteElo "2508"]
[BlackElo "2511"]
[EventDate "2006.10.09"]

1. e4 d6 2. d4 Nf6 3. Nc3 g6 4. Be3 c6 5. Qd2 Nbd7 6. Nf3 e5 7. Bh6 Bxh6 8.
Qxh6 Qe7 9. O-O-O Ng4 10. Qd2 O-O 11. Bc4 Nb6 12. Bd3 exd4 13. Nxd4 Qf6 14.
Nf3 Be6 15. h3 Ne5 16. Be2 Nxf3 17. Bxf3 Rfd8 18. h4 h5 19. Qg5 Qxg5+ 20.
hxg5 Rd7 21. b3 Rad8 22. Rh4 Kf8 23. Ne2 Ke7 24. Nf4 Rf8 25. Rdh1 Rdd8 26.
g4 Bxg4 27. Bxg4 hxg4 28. Rxg4 Rh8 29. Rgh4 Rxh4 30. Rxh4 Nd7 31. Kd2 Nc5
32. Ke3 Ne6 33. Nxe6 Kxe6 34. c4 b6 35. Rh1 a6 36. Kd4 c5+ 37. Kd3 b5 38.
Rh7 Rb8 39. a3 Ke7 40. f4 Ke6 41. f5+ gxf5 42. exf5+ Kxf5 43. Rxf7+ Kxg5
44. Ke4 Re8+ 45. Kd5 Re3 46. Kxd6 Rxb3 47. cxb5 axb5 48. Kxc5 Rxa3 49. Kxb5
1/2-1/2

[Event "Magistral Barcelona Casino"]
[Site "Barcelona ESP"]
[Date "2006.10.27"]
[Round "9"]
[White "Korneev,O"]
[Black "Peralta,Fe"]
[Result "1/2-1/2"]
[WhiteElo "2657"]
[BlackElo "2574"]
[EventDate "2006.10.09"]

1. e4 d6 2. d4 Nf6 3. Nc3 g6 4. Bg5 Bg7 5. Qd2 h6 6. Bh4 Nbd7 7. O-O-O g5
8. Bg3 Nh5 9. e5 Nxg3 10. hxg3 dxe5 11. dxe5 Bxe5 12. f4 gxf4 13. gxf4 Bg7
14. Rh3 e6 15. Rd3 O-O 16. Rxd7 Bxd7 17. Qxd7 Qxd7 18. Rxd7 Rac8 19. Rd3
Rfd8 20. Rf3 a6 21. Nge2 b5 22. f5 exf5 23. Rxf5 Re8 24. Nd5 Rcd8 25. Nxc7
Re5 26. Rxe5 Bxe5 27. Nxa6 Rd6 28. Nb4 Rf6 29. Ng3 Bf4+ 30. Kd1 Rd6+ 31.
Bd3 Bxg3 32. Ke2 Re6+ 33. Kf3 Bd6 34. Nd5 b4 35. c3 bxc3 36. bxc3 Re5 37.
Be4 Kf8 38. Nb6 Rb5 39. Nc4 Ke7 40. Ne3 Ke6 41. a4 Ra5 42. Bc2 Rc5 43. c4
h5 44. Be4 Ke5 45. Bd5 f5 46. g3 Rc7 47. Ng2 Kf6 48. Nf4 Bxf4 49. Kxf4 Rc5
50. Ke3 Ke5 51. Bf7 Ra5 52. Bxh5 Rxa4 53. Bf7 Ra3+ 54. Kf2 Rc3 55. Bd5 Kf6
56. Bf3 Rxc4 57. Bh5 Rc2+ 58. Ke3 Rh2 59. Bf3 Ke5 60. Bc6 Ra2 61. Bb7 Ra7
62. Bc6 Ra3+ 63. Kf2 Rc3 64. Bb7 Kd4 65. Ba8 Rc7 66. Kf3 Ke5 67. Ke3 Rc3+
68. Kf2 Kf6 69. Bb7 Kg5 70. Bf3 Ra3 71. Bd1 Ra2+ 72. Ke3 Rg2 73. Kf3 Rg1
74. Be2 Rc1 75. Ke3 Rc3+ 76. Kf2 Rc2 77. Ke3 Rc3+ 78. Kf2 Ra3 79. Bd1 f4
80. gxf4+ Kxf4 81. Ke2 1/2-1/2